The Enterpreneur's guide to market research.
| Main Author: | |
|---|---|
| Format: | Book |
| Published: |
Santa Barbara, California:
Praeger,
2012.
|
| Subjects: |
| LEADER | 00525cam a2200181 7i4500 | ||
|---|---|---|---|
| 001 | 0000028416 | ||
| 005 | 20130429090000.0 | ||
| 020 | 0 | 0 | |a 9780313396052 |
| 090 | 0 | 0 | |a B 658.83 |b WEN |
| 100 | 1 | 0 | |a Wenzel |
| 245 | 1 | 4 | |a The Enterpreneur's guide to market research. |
| 260 | 0 | 0 | |a Santa Barbara, California: |b Praeger, |c 2012. |
| 300 | # | # | |a 167 p. |
| 650 | 0 | 0 | |a Entrepreneurship |
| 650 | 0 | 0 | |a Marketing research |
| 650 | 0 | 0 | |a New business enterprises |
| 650 | 0 | 0 | |a Business planning |
| 999 | |a B000031908 |b Book |c Book |e Business Information Centre | ||


